Normal view
MARC view
Entry Personal Name
001 - CONTROL NUMBER
- control field: 804316
003 - CONTROL NUMBER IDENTIFIER
- control field:
005 - DATE AND TIME OF LATEST TRANSACTION
- control field: 20210627055956.0
008 - FIXED-LENGTH DATA ELEMENTS
- fixed length control field: 210627|| aca||aabn | a|a d
040 ## - CATALOGING SOURCE
- Original cataloging agency:
- Transcribing agency:
100 ## - HEADING--PERSONAL NAME
- Personal name: Lancaster, Lane W.,
- Dates associated with a name: 1892-
670 ## - SOURCE DATA FOUND
- Source citation: Work cat.: ()672462: Lancaster, Lane W., 1892-, Masters of political thought /, 1959-
